Cien años de soledad / (Registro nro. 7035)

Detalles MARC
000 -CABECERA
Longitud fija campo de control 00843nam a2200265 a 4500
003 - • IDENTIFICADOR DELl NÚMERO DE CONTROL
Identificador del número de control CO-ViMGA
005 - • FECHA Y HORA DE LA ÚLTIMA TRANSACCIÓN
Fecha y hora de la última transacción 20230915224413.0
008 - • CÓDIGOS DE INFORMACIÓN DE LONGITUD FIJA
Códigos de información de longitud fija 150915s2015 ck gr 00010 spa d
020 ## - • NÚMERO INTERNACIONAL NORMALIZADO PARA LIBROS
Número Internacional Normalizado para Libros (ISBN) 9789588894003
040 ## - FUENTE DE LA CATALOGACIÓN
Centro catalogador de origen CO-ViMGA
Lengua de catalogación spa
Centro transcriptor CO-ViMGA
043 ## - CÓDIGO DE ÁREA GEOGRÁFICA
Código de área geográfica s-ck---
082 04 - • NÚMERO DE LA CLASIFICACIÓN DECIMAL DEWEY
Número de clasificación (R) Co863.6
Número del ítem G17c106
100 1# - • PUNTO DE ACCESO PRINCIPAL-NOMBRE DE PERSONA
Nombre de persona García Márquez, Gabriel,
Fechas asociadas al nombre 1927-2014.
240 10 - • TÍTULO UNIFORME
Título uniforme <a href="Magdalena-Bibliografía regional">Magdalena-Bibliografía regional</a>
245 10 - • TITULO PROPIAMENTE DICHO
Título Cien años de soledad /
Mención de responsabilidad, etc. Gabriel García Márquez.
300 ## - • DESCRIPCI&Oacute;N F&Iacute;SICA
Extensión 504 páginas :
Otras características físicas ilustraciones ;
Dimensiones 24 cm.
490 1# - • MENCI&Oacute;N DE SERIE
Mención de serie Literatura Random House
650 #4 - • PUNTO DE ACCESO ADICIONAL DE MATERIA - T&Eacute;RMINO DE MATERIA
Término de materia o nombre geográfico como elemento inicial Muerte
Subdivisión de forma Novela.
650 #4 - • PUNTO DE ACCESO ADICIONAL DE MATERIA - T&Eacute;RMINO DE MATERIA
Término de materia o nombre geográfico como elemento inicial Novela colombiana.
650 #4 - • PUNTO DE ACCESO ADICIONAL DE MATERIA - T&Eacute;RMINO DE MATERIA
Término de materia o nombre geográfico como elemento inicial Soledad
Subdivisión de forma Novela.
650 #4 - • PUNTO DE ACCESO ADICIONAL DE MATERIA - T&Eacute;RMINO DE MATERIA
Término de materia o nombre geográfico como elemento inicial Violencia
Subdivisión de forma Novela.
942 ## - ENTRADA DE ELEMENTOS AGREGADOS (KOHA)
Fuente de clasificaión o esquema Dewey Decimal Classification
Koha [por defecto] tipo de item LIbro
Existencias
Perdido Fuente de clasificaci&oacute;n o esquema Estado Físico No para pr&eacute;stamo Forma de adquisición Localizaci&oacute;n permanente Localizaci&oacute;n actual Localización en estanterías Fecha adquisici&oacute;n Pr&eacute;stamos totales Signatura completa C&oacute;digo de barras Fecha &uacute;ltima consulta N&uacute;mero de copia Fecha del precio de reemplazo Tipo de item de Koha Renovaciones totales Fecha &uacute;ltimo pr&eacute;stamo
  Dewey Decimal Classification     Sala General Biblioteca Comunitaria - Villavicencio Biblioteca Comunitaria - Villavicencio   05/19/2017 2 Co863.6 G17c106 032132 05/29/2018   05/19/2017 LIbro 3 05/29/2018
  Dewey Decimal Classification     Colección General Biblioteca Pública Guamal Biblioteca Pública Guamal Literatura 01/31/2023   NGAR2 GUA000320 01/31/2023 Ej.1 01/31/2023 Libro Literatura    
  Dewey Decimal Classification     Colección General Biblioteca Pública Medellin del Ariari - El Castillo Biblioteca Pública Medellin del Ariari - El Castillo Literatura 11/13/2024   GAR2 Ej.1 BM00537 11/13/2024 Ej.1 11/13/2024 LIbro    









Instituto Departamental de Cultura del Meta - Red Departamental de Bibliotecas Públicas del Meta.